Statystyki dla JAK POTOCZNIE MÓWIMY NA SAMOCHÓD:

Kliknij tutaj aby rozwiązać quiz!

Ogólne statystyki

  • Ten quiz został rozwiązany 205 razy
  • Średni wynik to 3 z 6

Statystyki odpowiedzi

Odpowiedź% Poprawnych
AUTO
98%
FURA
71%
BRYKA
58%
WÓZ
34%
TRUP
2%
DZIECINKA
1%

Rozkład punktacji

Percentyl według liczby udzielonych odpowiedzi

Procent ludzi z każdym wynikiem

Twoja historia wyników

Nie rozwiązałeś tego quizu